000 00754cam a22002651 4500
999 _c127333
_d127333
001 8907520
003 ARRUPE
005 20180110153616.0
008 750207s1962 nyu 000 0 eng
010 _a 62020986
035 _a(OCoLC)1164088
040 _aDLC
_cTxShA
_dNN
_dDLC
042 _apremarc
050 0 0 _aDT365
_b.I5
082 _a967.6
100 1 _aIngham, Kenneth.
_938350
245 1 2 _aA history of East Africa.
_cKenneth Ingham
260 _aNew York,
_bLongmans
_cc1962
300 _axii, 456 p.
_billus.
_c23 cm.
490 0 _aBooks that matter
504 _aIncludes bibliography.
651 0 _aAfrica, East
_xHistory.
_91625
906 _a7
_bcbc
_coclcrpl
_du
_encip
_f19
_gy-gencatlg
942 _2lcc
_cMONOGRAPH